000 00416nam a22001577a 4500
003 MPLRDC
005 20220104124331.0
008 210129b ||||| |||| 00| 0 eng d
082 _a738.678 HSZL
100 _a华社资料研究中心编辑
245 _a历史的跫音
_c
260 _a
_b马六甲中华总商会
_c1989
300 _b
650 _a马来西亚史地--马六甲
942 _cBK
_o738.678 HSZL
999 _c18508
_d18498